000 00794 a2200217 4500
999 _c784
_d784
020 _a000000
050 0 0 _aRJ206 CAM 1976
100 1 _aCameron, Margaret,
_d1921-
245 1 0 _aManual on feeding infants and young children :
_bfor application in the developing areas of the world, with special reference to home-made weaning foods /
_cby Margaret Cameron and Yngve Hofvander.
264 _aNew York
_bUnited Nations
_c1976
300 _aii, 239 p. :
_bill. ;
500 _aFeeding infants
504 _aBibliography: p. 236-239.
650 0 _aInfants
_xNutrition.
650 0 _aChildren
_xNutrition.
650 0 _aProteins in human nutrition.
650 0 _aInfants
_xNutrition
650 0 _aChildren
_xNutrition
700 1 _aHofvander, Yngve,
_ejoint author.
942 _2lcc
_cBK
_h206
_iCAM
_kRJ